| 000 | 00688 a2200205 4500 | ||
|---|---|---|---|
| 001 | 62729 | ||
| 005 | 20260407155920.0 | ||
| 008 | 260407a1986 arg spa d | ||
| 003 | AR-UNSa-BCEJYS | ||
| 040 |
_aAR-UNSa-BCEJYS _bspa _cAR-UNSa-BCEJYS |
||
| 080 |
_a35.08 _xPersonal administrativo. Funcionarios. plantilla. función pública. Teoría, organización |
||
| 245 | 1 | 0 | _aLa burocracia Castellana bajo los Austrias |
| 020 | _a978-84-7351-194-0 | ||
| 264 | 1 |
_aMadrid : _bInstituto Nacional de Administración Pública (INAP) _c1986 |
|
| 300 |
_a298 p. _c24 cm. |
||
| 041 | _aspa | ||
| 942 | _cBK | ||
| 590 | _aniveau_biblio:m niveau_hierar:0 | ||
| 100 | 1 | _aGarcía Marin, José María | |
| 999 |
_c7771 _d7771 |
||